000 00532nam a22002177a 4500
003 IBSLLIB
005 20260513083040.0
008 260513b |||||||| |||| 00| 0 eng d
020 _a0312853807
040 _aIBSLLIB
_beng
041 _hEng
082 _a332.6
_bERD
100 _aErdman , Paul
245 _aZero Coupon
260 _aNew York :
_bA Tom Doherty Associates book ,
_c1993
300 _a350 p ;
_c24 cm
650 _aSocial scince
650 _aEconomics
653 _aCommercial crimes
942 _cLBK
999 _c22123
_d22123